000 00249nam a22000977a 4500
003 SGT
245 _aInternational Journal of Oral Health Dentistry
260 _bInnovative Publisher
_c2015,2017,2019,2020
300 _a210,240,240,320
942 _2ddc
_cBV
999 _c30237
_d30237